Алхимия : (Record no. 130550)
[ view plain ]
| 000 -LEADER | |
|---|---|
| fixed length control field | 01624nam a2200277 u 4500 |
| 001 - CONTROL NUMBER | |
| control field | 000343386 |
| 003 - CONTROL NUMBER IDENTIFIER | |
| control field | AM-YeHGA |
| 005 - DATE AND TIME OF LATEST TRANSACTION | |
| control field | 20250617131135.0 |
| 008 - FIXED-LENGTH DATA ELEMENTS--GENERAL INFORMATION | |
| fixed length control field | 040615s2002 ru r 000 0 rus d |
| 020 ## - INTERNATIONAL STANDARD BOOK NUMBER | |
| International Standard Book Number | 5946980025 |
| 040 ## - CATALOGING SOURCE | |
| Original cataloging agency | AM-YeHGA |
| 041 1# - LANGUAGE CODE | |
| Language code of text/sound track or separate title | rus |
| Language code of original | fre |
| 090 ## - LOCALLY ASSIGNED LC-TYPE CALL NUMBER (OCLC); LOCAL CALL NUMBER (RLIN) | |
| -- | 131915 |
| 100 1# - MAIN ENTRY--PERSONAL NAME | |
| Personal name | Канселье, Эжен |
| 245 10 - TITLE STATEMENT | |
| Title | Алхимия : |
| Remainder of title | Несколько очерков по Герметической символике и Философской Практике Эжена Канселье / |
| Statement of responsibility, etc. | Эжен Канселье ; Пер. с фр. К.А. Веков. |
| 246 15 - VARYING FORM OF TITLE | |
| Title proper/short title | Alchimie : |
| Remainder of title | Etudes diverses de Symbolisme hermetique et de Pratique Philosophale par Eugene Canseliet |
| 260 ## - PUBLICATION, DISTRIBUTION, ETC. | |
| Place of publication, distribution, etc. | Москва : |
| Name of publisher, distributor, etc. | Энигма, |
| Date of publication, distribution, etc. | 2002. |
| 300 ## - PHYSICAL DESCRIPTION | |
| Extent | 304 с. |
| Other physical details | ил. |
| 440 #0 - SERIES STATEMENT/ADDED ENTRY--TITLE | |
| Title | Алый Лев |
| 520 ## - SUMMARY, ETC. | |
| Summary, etc. | Истолкованию символов (народные обычаи и католическая месса) в ключе герметической философии, а также сакральной лингвистики посвящен ряд работ разных лет, объединенных автором в книгу, которая будет интересна искусствоведам, филологам и религиоведам. |
| 504 ## - BIBLIOGRAPHY, ETC. NOTE | |
| Bibliography, etc. note | Библиогр. в примеч. |
| 650 14 - SUBJECT ADDED ENTRY--TOPICAL TERM | |
| Topical term or geographic name entry element | Алхимия |
| 653 0# - INDEX TERM--UNCONTROLLED | |
| Uncontrolled term | Химические науки - Общая история химии |
| 653 0# - INDEX TERM--UNCONTROLLED | |
| Uncontrolled term | Химия в средние века - Алхимия. Практическая химия |
| 700 1# - ADDED ENTRY--PERSONAL NAME | |
| Personal name | Веков, К.А. |
| Relator term | пер. |
| Relationship | trl |
| Withdrawn status | Lost status | Damaged status | Not for loan | Collection | Home library | Current library | Date acquired | Total checkouts | Full call number | Barcode | Date last seen | Price effective from | Koha item type | Public note |
|---|---|---|---|---|---|---|---|---|---|---|---|---|---|---|
| General | Fundamental Scientific Library | Fundamental Scientific Library | 22/12/2016 | 133:54 | 120650391 | 22/12/2016 | 22/12/2016 | Գրքեր / Books | 30 Days Loan |
ՀՀ Գիտությունների ազգային ակադեմիայի հիմնարար գիտական գրադարան = Fundamental Scientific Library of NAS RA
All site content, except where otherwise noted, is licensed under a